00000000nam 2200000zi 4500
0019.946634
003CaOODSP
00520250109134912
006m     o  d f      
007cr |n|||||||||
008250108s1955    onca    o    f000 0 fre d
040 |aCaOODSP|bfre|erda|cCaOODSP
043 |an-cn-qu
0861 |aA52-203/1955F-PDF
1001 |aBelzile, Adhémar, |eauteur.
24510|aStation expérimentale fédérale, Normandin, Qué. : |brapport d'activité, 1947-1952 / |cAdhémar Belzile.
264 1|aOttawa, Canada : |bMinistre de l'Agriculture, |c[1955]
300 |a1 ressource en ligne (40 pages) : |billustrations
336 |atexte|btxt|2rdacontent/fre
337 |ainformatique|bc|2rdamedia/fre
338 |aressource en ligne|bcr|2rdacarrier/fre
500 |aÉdition numérisée de l'imprimé [par Agriculture et Agroalimentaire Canada].
61025|aStation expérimentale fédérale (Normandin, Québec)
61025|aDominion Experimental Station (Normandin, Québec)
650 6|aStations agronomiques|zQuébec (Province)|zNormandin.
650 0|aAgricultural experiment stations|zQuébec (Province)|zNormandin.
7101 |aCanada. |bService des fermes expérimentales, |eorganisme de publication.
7102 |aStation expérimentale fédérale (Normandin, Québec), |eorganisme de publication.
85640|qPDF|s5.97 Mo|uhttps://publications.gc.ca/collections/collection_2025/aac-aafc/A52-203-1955-fra.pdf